000 00847nam a2200265Ia 4500
005 20220316235523.0
008 121119s2001 sp a gr 000 j spa
020 _a8484700135
041 1 _aspa
100 1 _aVilcog, Marianne
245 1 0 _aEspero un hermanito
_cMarianne Vilcoq ; traducción de Paula Vicens
250 _aPrimera edición
300 _a[16] páginas
_bilustraciones
_c23 x 12 cm
650 1 4 _aCuentos infantiles franceses
_2LEMB
650 1 4 _vEmbarazo en la literatura
_2LEMB
650 1 4 _aLiteratura infantil francesa
_2LEMB
700 1 _aVicens, Paula
_etraductor
_916187
942 _2loc
_cBKINF
264 _aBarcelona
_bCorimbo
_c2001
336 _atexto
_btxt
_2rdacontent
337 _asin mediación
_bn
_2rdamedia
338 _avolumen
_bnc
_2rdacarrier
040 _aCO-BoRNBP
_bspa
_erda
_cCO-BoRNBP
084 _aA VIL4
999 _c1215
_d1215